| 000 | 00548nam a2200217 a 4500 | ||
|---|---|---|---|
| 001 | 0001-2084 | ||
| 003 | ELIB.Books | ||
| 008 | 190722 2010 eng | ||
| 020 | _a0891096388 | ||
| 092 |
_a303.34 _bSta |
||
| 100 | _aStanley, Paul D. | ||
| 245 | _aConnecting | ||
| 260 |
_aColorado Springs _bNavpress _c1992 |
||
| 300 |
_a252 _c20.4cm |
||
| 650 | _aLeadership-Social Control | ||
| 856 |
_nKBTS Library _uKBTS Elib |
||
| 942 |
_2ddc _cBK |
||
| 990 | _a3 | ||
| 998 |
_aEnglishbooks.elf _ccat _e2019-07-22 |
||
| 999 |
_c12084 _d12084 |
||